000 00253nam a22001217a 4500
008 170323b xxu||||| |||| 00| 0 eng d
041 _aeng
080 _a616.9
100 _a8
101 _aSHM
245 _aALLERGOLOGJIA
_cKADRIU, H.M
942 _2udc
_cBK
999 _c8504
_d8504